Lo malo de lo bueno

Saved in:
Bibliografiske detaljer
Hovedforfatter: Watzlawick, Paul (Author)
Format: Bog
Sprog:spansk
Udgivet: Barcelona Herder 1990
Fag:
Tags: Tilføj Tag
Ingen Tags, Vær først til at tagge denne postø!

MARC

LEADER 00000nam a2200000 a 4500
001 UCW5874
003 CL-VaPUC
008 910819e19900000SP |||||||||||||||||spa|d
082 0 4 |a 153.43  |b WAT  |2 21 
100 0 |a Watzlawick, Paul  |e author  |9 310940 
245 1 3 |a Lo malo de lo bueno 
246 1 0 |a O las soluciones de Hecate 
300 |a 134 p 
942 |c BK 
945 |d 19910819 00:00:00  |a rbrito 
260 |a Barcelona  |b Herder  |c 1990 
650 7 |a RAZONAMIENTO PSICOLOGIA  |2 CL-VaPUC  |9 307278 
583 |a last modification  |c 19910819 00:00:00  |k Rodrigo Vera 
999 |c 219184  |d 219182 
952 |0 0  |1 0  |4 0  |6 153_430000000000000_WAT_1990  |7 0  |8 A  |9 209776  |a BIBEDU  |b BIBEDU  |d 2019-11-15  |i 277657K  |o 153.43 WAT 1990  |p 277657K  |r 2019-11-15  |w 2019-11-15  |y BK  |k EDU 
952 |0 0  |1 0  |4 0  |6 153_430000000000000_WAT_1990  |7 0  |8 A  |9 209777  |a BIBGIM  |b BIBGIM  |d 2019-11-15  |i 2957043  |o 153.43 WAT 1990  |p 2957043  |r 2025-01-15  |w 2019-11-15  |y BK  |k SSL